| 000 | 00632nam a2200217Ia 4500 | ||
|---|---|---|---|
| 005 | 20241129111117.0 | ||
| 008 | 241129s9999||||xx |||||||||||||| ||und|| | ||
| 020 | _a978-0-674-27909-4 | ||
| 037 | _aTB | ||
| 040 |
_aCRL _beng _cCRL |
||
| 041 |
_aeng _2eng |
||
| 084 |
_aWv2 R1 _qCRL |
||
| 100 |
_aKapila Shruti Au. _9723353 |
||
| 245 | 0 |
_aViolent fraternity: Indian political thought in the global age _cKapila Shruti Au. |
|
| 260 |
_aPrincetion, USA _bPrincetion University Press _c2021 |
||
| 300 | _a313p. | ||
| 365 |
_aINR _b899 |
||
| 650 | _aPolitical Science | ||
| 942 |
_cTB _hWv2 R1 |
||
| 999 |
_c1228975 _d1228975 |
||